Muzikoterapie v praxi : příběhy muzikoterapeutických cest / Markéta Gerlichová
Record details
- ISBN: 978-80-271-1791-8
- Physical Description: 168 stran : ilustrace ; 245 cm
- Edition: 2., přepracované a doplněné vydání
- Publisher: Praha : Grada Publishing, 2021
Content descriptions
| Bibliography, etc. Note: | Obsahuje bibliografii a rejstřík |
| Language Note: | České a anglické resumé |
Search for related items by subject
| Subject: | muzikoterapie |
| Genre: | monografie |
Available copies
- 0 of 1 copy available at Common Catalog SPOK.
Holds
- 0 current holds with 1 total copy.
Other Formats and Editions
Show Only Available Copies
| Location | Call Number / Copy Notes | Barcode | Shelving Location | Status | Due Date |
|---|---|---|---|---|---|
| Jabok Library | Psy-9.8/G | 424480043799 | Odborná literatura | Checked out | 08.09.2025 |
| LDR | 01127nam a2200325 i 4500 | ||
|---|---|---|---|
| 001 | 48633 | ||
| 003 | CZ-PrJAB | ||
| 005 | 20210616080540.0 | ||
| 008 | 201027s2021 xr e cze | ||
| 015 | . | ‡acnb003274622 | |
| 020 | . | ‡a978-80-271-1791-8 ‡q(brožováno) | |
| 035 | . | ‡a(CZ PlERL)000887734 | |
| 040 | . | ‡aPNA001 ‡bcze ‡erda | |
| 041 | 0 | . | ‡acze ‡bcze ‡beng |
| 072 | 7. | ‡a615.8 ‡xFyzioterapie. Psychoterapie. Alternativní lékařství ‡2Konspekt ‡914 | |
| 080 | . | ‡a615.851:78 ‡2MRF | |
| 080 | . | ‡a(048.8) ‡2MRF | |
| 100 | 1 | . | ‡aGerlichová, Markéta, ‡d1969- ‡7js20081029006 ‡4aut |
| 245 | 1 | 0. | ‡aMuzikoterapie v praxi : ‡bpříběhy muzikoterapeutických cest / ‡cMarkéta Gerlichová |
| 250 | . | ‡a2., přepracované a doplněné vydání | |
| 264 | 1. | ‡aPraha : ‡bGrada Publishing, ‡c2021 | |
| 300 | . | ‡a168 stran : ‡bilustrace ; ‡c245 cm | |
| 336 | . | ‡atext ‡btxt ‡2rdacontent | |
| 337 | . | ‡abez média ‡bn ‡2rdamedia | |
| 338 | . | ‡asvazek ‡bnc ‡2rdacarrier | |
| 504 | . | ‡aObsahuje bibliografii a rejstřík | |
| 546 | . | ‡aČeské a anglické resumé | |
| 650 | 0 | 7. | ‡amuzikoterapie ‡7ph123056 ‡2czenas |
| 655 | 7. | ‡amonografie ‡2czenas ‡7fd132842 | |
| 910 | . | ‡aABG312 | |
| 995 | . | ‡aska | |
| 901 | . | ‡a48633 ‡bCZ-PrJAB ‡c48633 ‡tbiblio | |